LGAs in Perth - Statistics

General Stats
  • This quiz has been taken 52 times
  • The average score is 19 of 29
Answer Stats
Hint Answer % Correct
City of South Perth
95%
City of Perth
93%
Town of East Fremantle
90%
City of Fremantle
90%
City of Joondalup
86%
City of Stirling
83%
City of Swan
83%
City of Rockingham
79%
City of Canning
71%
City of Bayswater
69%
City of Armadale
67%
Town of Mosman Park
67%
Town of Victoria Park
67%
Town of Bassendean
64%
City of Cockburn
64%
City of Vincent
64%
City of Wanneroo
62%
Town of Claremont
60%
Shire of Peppermint Grove
57%
City of Gosnells
52%
City of Kwinana
52%
City of Nedlands
52%
City of Belmont
50%
Town of Cambridge
48%
Shire of Mundaring
48%
City of Subiaco
48%
City of Kalamunda
45%
Shire of Serpentine-Jarrahdale
38%
City of Melville
33%
No matching quizzes found
Score Distribution
Percent of People with Each Score
Percentile by Number Answered
Your Score History
You have not taken this quiz